000 01059nam a2200277 i 4500
003 DO-SdBNP
005 20250715114728.0
007 ta
008 250715s2018 dr 000 0 spa d
020 _a9781980244608
040 _aDO-SdBNP
_bspa
_cBNPHU
_erda
041 _aspa
082 4 _axxx
_bA485
_222
100 1 _aAmarante, Mercedes
_eautora
_978466
_4aut.
245 1 0 _aEvidencias de un sueño /
_cMercedes Amarante
250 _aPrimera edición
264 _aSanto Domingo :
_bCasa de gloria,
_c2018.
300 _a117 páginas :
_c21 cm.
336 _atexto
_btxt
_2rdacontent
337 _asin mediación
_bn
_2rdamedia
338 _avolumen
_bnc
_2rdacarrier
520 _aEste libro esta dedicado a las personas que sienten que no tienen lo necesario para lograr las cosas, te ayudara a entender que si eres portador de un sueño definitivamente ya tienes lo necesario para comenzar a esforzarte para que se haga evidencia. SI LO PUEDES SOÑAR LO PUEDES LOGRAR
590 _aInventariado, 2025/ YL
910 _aYLockward
942 _2ddc
_cLBS1
999 _c59540
_d59540